Les annees importantes de l'histoire - Statistiques

Statistiques générales
  • Ce quiz a été pris 81 fois
  • Le résultat moyen est 10 sur 15
Statistiques - réponses
DESCRIPTION ANNEES % Correct
Début de la seconde guerre mondiale 1939
93%
Prise de la bastille 1789
92%
La mort de la reine Elizabeth II 2022
92%
Fin de l'URSS 1991
91%
Découverte de l'Amérique 1492
85%
Abollition peine de mort en France 1981
77%
Marignan 1515
76%
Mort de JFK 1963
72%
Charlemagne est devenu roi cet annee 800
70%
Début de la 5eme republique francaise 1958
69%
Indépandance des Etats unis 1776
54%
Fin de L'empire romain 476
45%
Création de l'UE 1993
43%
Création d'internet 1960
30%
Debut de la geurre de cent ans 1337
20%
Aucun quiz correspondant
Distribution des résultats
% des personnes avec chaque résultat
Percentile par nombre de réponses
Votre historique - résultats
Vous n’avez pas pris ce quiz